000 01228nam a22002777a 4500
999 _c64175
_d64175
005 20240530110718.0
008 180314s2017 ua g b 000 0dara d
017 _a2016/20125
_bمصر. دار الكتب
020 _a9789778120493
040 _aEG-CaGPL
_cEG-CaGPL
082 0 4 _221
_a341.52 /
_bم د
100 0 _aمحمد عبدالحميد احمد
245 1 0 _aدور المنظمات الدولية غير الحكومية فى عمليات بناء السلام فى افريقيا بعد انتهاء الحرب الباردة /
_cاعداد محمد عبدالحميد احمد
250 _aط.1
260 _aالقاهرة :
_bالمكتب العربى للمعارف ،
_c2017.
300 _a378 ص. ؛
_c24 سم.
504 _aيشتمل على ارجاعات ببليوجرافية
650 0 7 _2qrmak
_aالمنظمات الدولية
650 0 7 _2qrmak
_aالتسوية السلمية
650 0 7 _2qrmak
_aالمنظمات الدولية غير الحكومية
650 0 7 _2qrmak
_aالسياسة الدولية
650 0 7 _2qrmak
_aالتعاون الدولى
651 0 7 _2qrmak
_aالكونجو الديمقراطية
942 _2ddc
_cBK